| 000 | 02475cam a2200349 a 4500 | ||
|---|---|---|---|
| 001 | 15223855 | ||
| 005 | 20091021170447.0 | ||
| 008 | 080318s2008 enka b 001 0 eng | ||
| 020 | _a027371662X (alk. paper) | ||
| 020 | _a9780273716624 (alk. paper) | ||
| 040 |
_aDLC _cDLC _dBTCTA _dBWKUK _dBWK _dYDXCP _dVP@ _dDLC |
||
| 082 | 0 | 0 |
_a658.4038011 _222 _bBOC |
| 100 | 1 |
_aBocij, Paul. _929748 |
|
| 245 | 1 | 0 |
_aBusiness Information Systems : _bTechnology, Development and Management / _cPaul Bocij, Andrew Greasley, Simon Hickie. |
| 250 | _a4th ed. | ||
| 260 |
_aHarlow, England ; _aNew York : _bFT Prentice Hall, _c2008. |
||
| 300 |
_axxvi, 710 p. : _bill. ; _c27 cm. |
||
| 504 | _aIncludes bibliographical references and index. | ||
| 505 | 0 | _aBasic concepts - understanding information -- Basic concepts - an introduction to business information systems -- Hardware -- Software -- Networks, telecommunications and the Internet -- Enterprise and functional BIS -- An introduction to acquiring and developing BIS -- Initiating systems development -- BIS project management -- Systems analysis -- Systems design -- System build, implementation and maintenance : change management -- Information systems strategy -- Information systems management -- Managing information security -- End-user computing - providing end-user services -- Ethical, legal and moral constraints on information systems. | |
| 650 | 0 |
_aBusiness _xComputer network resources. _929749 |
|
| 650 | 0 |
_aBusiness information services. _929750 |
|
| 650 | 0 |
_aElectronic commerce. _929751 |
|
| 653 |
_bBus _cApril2012 |
||
| 700 | 1 |
_aGreasley, Andrew. _929752 |
|
| 700 | 1 |
_aHickie, Simon. _929753 |
|
| 942 |
_2ddc _cBB |
||
| 999 |
_c16696 _d16696 |
||